| 000 | 00390nam a2200121Ia 4500 | ||
|---|---|---|---|
| 008 | 220620s9999||||xx |||||||||||||| ||und|| | ||
| 245 | 0 | _aActual Problems of Emergency Abdominal Surgery | |
| 546 | _aEnglish[eng] | ||
| 650 | _aGeneral surgery | ||
| 700 | _aVictorovich Garbuzenko, Dmitry | ||
| 856 | _uhttps://mts.intechopen.com/storage/books/5280/authors_book/authors_book.pdf | ||
| 942 | _cEB | ||
| 999 |
_c24407 _d24407 |
||